Statistiken für Die Hauptstadt wovon?

Klicken Sie hier um das Quiz zu spielen!

Allgemein

  • Dieses Quiz wurde 9.103 mal gespielt
  • Das Durchschnittsergebnis liegt bei 18 aus 30

Antwortstatistiken

HauptstadtLand oder Gebiet% Korrekt
AnkaraTürkei
99%
BangkokThailand
94%
MünchenBayern, Deutschland
89%
RomItalien
89%
KiewUkraine
89%
StockholmSchweden
88%
PragTschechien
88%
Buenos AiresArgentinien
87%
HavannaKuba
84%
BelgradSerbien
79%
BarcelonaKatalonien, Spanien
77%
BelfastNordirland, Vereinigtes Königreich
75%
HanoiVietnam
74%
BeirutLibanon
72%
VallettaMalta
71%
NairobiKenia
69%
ManilaPhilippinen
66%
TiflisGeorgien
59%
TripolisLibyen
53%
BostonMassachusetts, USA
50%
Sana'aJemen
47%
TegucigalpaHonduras
37%
MonroviaLiberia
34%
LhasaTibet, China
30%
SydneyNew South Wales, Australien
29%
Port LouisMauritius
27%
TorontoOntario, Kanada
26%
CayenneFranzösisch-Guayana, Frankreich
20%
LahorePunjab, Pakistan
12%
SaipanNördliche Marianen, USA
9%

Verteilung der Resultate

Perzentil nach korrekt beantworteten Fragen

Anzahl Personen mit jedem Resultat

Ihre Resultats-Entwicklung

Sie haben dieses Quiz noch nicht gespielt